| 000 | 00957nam a2200241 i 4500 | ||
|---|---|---|---|
| 001 | 181059 | ||
| 003 | ES-MaACL | ||
| 005 | 20240116184750.0 | ||
| 008 | 121015s2011 sp a | |||||||| |bspa d | ||
| 020 | _a978-84-614-6320-6 | ||
| 080 | _a929 Jovellanos, Gaspar Melchor de | ||
| 100 | 1 |
_aCaso González, José. _936328 |
|
| 245 | 1 | 0 |
_aJovellanos _b: biografía = biography / _cJosé Miguel Caso González ; [traducción al inglés, María José Álvarez Faedo]. |
| 260 |
_a[Oviedo] : _bFundación María Cristina Masaveu Peterson, _cimp. 2011. |
||
| 300 |
_a291 p. : _bil. col. y n. ; _c25 cm. |
||
| 504 | _aBibliografía: p. 276-286. | ||
| 546 | _aTexto en español e inglés. | ||
| 600 | 1 | 4 |
_aJovellanos, Gaspar Melchor de, _d1744-1811- _xBiografías _967053 |
| 700 | 1 |
_aAlvarez Faedo, María José. _9142936 |
|
| 852 |
_aES-MaACL _jA-12279 _9187942 _bR.146960 _cDEPO1 _dOlim: N-5284 |
||
| 942 |
_2udc _cMONOGRAFIA |
||
| 999 |
_c181059 _d181059 |
||